Sports Quiz

Random Sports or Golf Quiz

PGA Championship Winners (A-Z) Quiz Stats

 Plays Quiz Updated Aug 1, 2018

Challenge
Share
Tweet
Embed
Score 0/19 Timer 05:00
0 Plays Today
Letter Winners % Correct
WLanny Wadkins, Tiger Woods, Jimmy Walker
97.4%
MDave Marr, John Mahaffey, Shaun Micheel, Phil Mickelson, Rory McIlroy
82.7%
NByron Nelson, Jack Nicklaus, Bobby Nichols, Larry Nelson
81.1%
SGene Sarazen, Denny Shute, Sam Snead, Dave Stockton, Hal Sutton, Jeff Sluman, Payne Stewart, Vijay Singh
71.5%
DLeo Diegel, Olin Dutra, John Daly, Jason Dufner, Jason Day
62.2%
HJock Hutchison, Walter Hagen, Bob Hamilton, Ben Hogan, Chandler Harper, Chick Harbert, Lionel Hebert, Jay Hebert, Pádraig Harrington
60.1%
PHenry Picard, Gary Player, Nick Price
57.3%
TJim Turnesa, Lee Trevino, Bob Tway, David Toms, Justin Thomas
52.6%
BJim Barnes, Walter Burkemo, Jack Burke Jr., Jerry Barber, Julius Boros, Mark Brooks, Rich Beem, Keegan Bradley
40.8%
YYoung-eun Yang
40.1%
Letter Winners % Correct
ATommy Armour, Paul Azinger
37.3%
LDavis Love III
34.3%
KMartin Kaymer, Brooks Koepka
26.4%
FJim Ferrier, Doug Ford, Dow Finsterwald, Raymond Floyd
24.2%
GVic Ghezzi, Al Geiberger, David Graham, Hubert Green, Wayne Grady
23.5%
ESteve Elkington
15.7%
JDon January
5%
RPaul Runyan, Johnny Revolta, Bob Rosburg
5%
CTom Creavy
2.9%

You're not logged in!

Compare scores with friends on all Sporcle quizzes.
OR
Log In

You Might Also Like...

Show Comments

Extras

Top Quizzes Today


Score Distribution

Your Account Isn't Verified!

In order to create a playlist on Sporcle, you need to verify the email address you used during registration. Go to your Sporcle Settings to finish the process.

Report this User

Report this user for behavior that violates our Community Guidelines.

Details: